External fire performance of roofs (Record no. 115608)

MARC details
000 -LEADER
fixed length control field 01257cam a2200265 4500
001 - CONTROL NUMBER
control field L158973
008 - FIXED-LENGTH DATA ELEMENTS--GENERAL INFORMATION
fixed length control field 000000n2013 000 0 eng u
020 ## - INTERNATIONAL STANDARD BOOK NUMBER
International Standard Book Number 9781848063044
035 ## - SYSTEM CONTROL NUMBER
System control number (Sirsi) u158973
041 0# - LANGUAGE CODE
Language code of text/sound track or separate title eng
050 04 - LIBRARY OF CONGRESS CALL NUMBER
Classification number 693.82 $2 18
100 1# - MAIN ENTRY--PERSONAL NAME
Personal name Colwell, Sarah
245 00 - TITLE STATEMENT
Title External fire performance of roofs
Remainder of title A guide ot test methods and classification
260 ## - PUBLICATION, DISTRIBUTION, ETC.
Place of publication, distribution, etc. Watford
Name of publisher, distributor, etc. BRE
Date of publication, distribution, etc. 2013
300 ## - PHYSICAL DESCRIPTION
Extent 12p.
Dimensions 30cm.
490 #0 - SERIES STATEMENT
Series statement BRE Digest
Volume/sequential designation DG 528
520 ## - SUMMARY, ETC.
Summary, etc. Explains the European fire test methods for roof systems, and how the test data are used to classify the external fire performance. It discusses the limitations of the classification system, and the importance of specifiers correctly interpreting the information presented to them. It will help manufacturers to provide end users with the information they need to specify roofing systems in relation to their fire performance. It also explains how fire performance classification relate to the guidance in Approved Document B.
650 24 - SUBJECT ADDED ENTRY--TOPICAL TERM
Topical term or geographic name entry element FIRE PROTECTION
650 24 - SUBJECT ADDED ENTRY--TOPICAL TERM
Topical term or geographic name entry element THERMAL INSULATION
650 24 - SUBJECT ADDED ENTRY--TOPICAL TERM
Topical term or geographic name entry element CONSTRUCTION PRODUCTS REGULATIONS 2013
651 #4 - SUBJECT ADDED ENTRY--GEOGRAPHIC NAME
Geographic name England and Wales
Chronological subdivision 1543-
690 ## - LOCAL SUBJECT ADDED ENTRY--TOPICAL TERM (OCLC, RLIN)
Topical term or geographic name as entry element Health and safety
9 (RLIN) 6244
700 1# - ADDED ENTRY--PERSONAL NAME
Personal name Baker, Tony
942 ## - ADDED ENTRY ELEMENTS (KOHA)
Suppress in OPAC 0
Holdings
Withdrawn status Lost status Source of classification or shelving scheme Damaged status Not for loan Home library Current library Shelving location Date acquired Total Checkouts Full call number Barcode Date last seen Copy number Price effective from Koha item type
    Dewey Decimal Classification     London London BRE publications 12/11/2015   BRE 30078826 06/08/2019 1 06/08/2019 Book